موسم کی رفتار / (Record no. 196257)

MARC details
000 -LEADER
fixed length control field 00604nam a22001937a 4500
005 - DATE AND TIME OF LATEST TRANSACTION
control field 20230608105723.0
010 ## - LCCN (DPL NO)
LC control number UR-12040
020 ## - INTERNATIONAL STANDARD BOOK NUMBER
International Standard Book Number 9789391238445
Terms of availability 150.00
035 ## - SYSTEM CONTROL NUMBER
System control number U-10595
037 ## - SOURCE OF ACQUISITION
Source of stock number/acquisition DBAD/PUB
082 ## - DEWEY DECIMAL CLASSIFICATION NUMBER
Classification number 841
100 ## - MAIN ENTRY--PERSONAL NAME
Personal name شاہد جمیل
245 ## - TITLE STATEMENT
Title موسم کی رفتار /
Statement of responsibility, etc شاہد جمیل
246 ## - VARYING FORM OF TITLE
Title proper/short title Mausam ki raftaar /
Remainder of title by Shahid Jameel
260 ## - PUBLICATION, DISTRIBUTION, ETC. (IMPRINT)
Place of publication, distribution, etc New Delhi
Name of publisher, distributor, etc Educational Publishing House
Date of publication, distribution, etc 2021 ء
270 ## - ADDRESS
Address H.o. D1/16, Ansari Road, Darya Ganj
City New Delhi
Postal code 110002
300 ## - PHYSICAL DESCRIPTION
Extent 80 ص
Dimensions 23cm(Hb)
942 ## - ADDED ENTRY ELEMENTS (KOHA)
Source of classification or shelving scheme Dewey Decimal Classification
Item type Urdu Bks
Call number suffix ش ا ہ
Edition
Classification part 841
Holdings
Withdrawn status Lost status Not for loan Collection code Home library Current library Date acquired Source of acquisition Cost, normal purchase price Full call number Barcode Copy number Cost, replacement price Koha item type
      Non-fiction Ashok Vihar Ashok Vihar 08/06/2023 DBAD/PUB 150.00 841 ش ا ہ U-10595 1 150.00 Urdu Bks

© Delhi Public Library
Hit Counter
free hit counter